Bleskom do skaly

Rodinná firma GA Drilling a vývoj vŕtacej technológie na báze elektrickej plazmy. Začiatky podnikania pred siedmimi rokmi. Financovanie z fondov Európskej únie. Vrty za účelom získavania geotermálnej energie. Výhody plazmového vŕtania oproti tradičným spôsobom. Ropný projekt. Čo aktuálne delí GA Dri...

Celý popis

Uložené v:
Podrobná bibliografia
Hlavný autor: Matijek, Peter
Médium: Kapitola
Jazyk:Slovak
Predmet:
Tagy: Pridať tag
Žiadne tagy, Buďte prvý, kto otaguje tento záznam!

MARC

LEADER 00000naa a2200000 4500
001 0201982
005 20231013091449.1
041 0 |a slo 
044 |a SK 
245 1 0 |a Bleskom do skaly  |c Peter Matijek 
520 |a Rodinná firma GA Drilling a vývoj vŕtacej technológie na báze elektrickej plazmy. Začiatky podnikania pred siedmimi rokmi. Financovanie z fondov Európskej únie. Vrty za účelom získavania geotermálnej energie. Výhody plazmového vŕtania oproti tradičným spôsobom. Ropný projekt. Čo aktuálne delí GA Drilling od definitívneho úspechu. 
610 2 0 |a podnikanie 
610 2 0 |a podnikatelia 
610 2 0 |a inovácia 
610 2 0 |a energia geotermálna 
610 2 0 |a firmy 
610 2 0 |a Slovensko 
100 1 |a Matijek, Peter